Statistics for New York Red Bulls Best Scorer By Year

Click here to take the quiz!

General Stats

  • This quiz has been taken 42 times
    (9 since last reset)
  • The average score is 6 of 19

Answer Stats

Player% Correct
Thierry Henry
89%
Bradley Wright-Phillips
78%
Brian White
44%
Lewis Morgan
44%
Daniel Royer
33%
Kenny Cooper
33%
Tim Cahill
33%
Adolfo Valencia
22%
Amado Guevara
22%
Clint Mathis
22%
Eduardo Hurtado
22%
Giovanni Savarese
22%
John Wolyniec
22%
Juan Pablo Ángel
22%
Omir Fernandez
22%
Patryk Klimala
22%
Rodrigo Faria
22%
Elias Manoel
11%
Youri Djorkaeff
11%

Score Distribution

Percentile by Number Answered

Percent of People with Each Score

Your Score History

You have not taken this quiz since the last reset